| 000 | 00724nam a2200265Ia 4500 | ||
|---|---|---|---|
| 005 | 20260429112114.0 | ||
| 008 | 260429s9999||||xx |||||||||||||| ||und|| | ||
| 020 | _a9781041048336 | ||
| 041 | _aEnglish | ||
| 082 |
_a519.2076 _bSMI |
||
| 100 | _aSmith, Gary | ||
| 245 | 0 |
_aExercises and solutions in probability and statistics / _cGary Smith |
|
| 250 | _a1st ed. | ||
| 260 |
_aBoca Raton : _bCRC Press, _c2026. |
||
| 300 | _aix, 290 p.; pbk | ||
| 440 | _aTexts in statistical science series | ||
| 650 | _a Inference | ||
| 650 | _a Probability | ||
| 650 | _aStatistics | ||
| 700 | _a Faraway, Julian | ||
| 700 | _a Tanner, Martin | ||
| 700 | _a Zidek, Jim | ||
| 700 | _aBlitzstein, Joseph K. | ||
| 942 | _cTB | ||
| 999 |
_c52375 _d52375 |
||